000 00627nam a2200193 i 4500
001 124978
003 ES-MaACL
005 20230906192530.0
007 t|
008 070425s1936 sp ||||1| spa d
245 0 3 _aLa unificación de los Seguros sociales.
250 _a3ª ed.
260 _aMadrid :
_b[s.n.],
_c1936 (
_fSobrinos de la Sucesora de M. Minuesa de los Ríos)
300 _a191 p. ;
_c20 cm.
490 1 _aPublicaciones del Instituto Nacional de Previsión ;
_v476
830 0 _aPublicaciones del Instituto Nacional de Previsión ;
_v476
_9181151
852 _aES-MaACL
_jC-12659(3)
999 _c124978
_d124978